000 00791nam a2200253Ia 4500
003 OSt
005 20221007124919.0
006 a|||||r|||| 00| 0
007 ta
008 221006b |||||||| |||| 00| 0 eng d
020 _a9781632385833 (hbk)
024 _a199165
037 _b1792, 16/03/2018, Indica Publishers & Distributors Pvt. Ltd.
_cTextual
040 _aCDL
_cCDL
_beng
041 _2eng
_aeng
082 _aE, Q8 Carc
100 _aHorak Bruce
_9720974
245 0 _aChemistry: Theory and practice
260 _aNew
_bYork NY Research
_c2018
300 _avi, 228p. ill.
_ccm.
500 _aIndex 227-228p.
942 _hE, Q8 Carc
_cTEXL
_2CC
999 _c1214373
_d1214373